| 000 | 01079cam a22003017a 4500 | ||
|---|---|---|---|
| 003 | CHAP | ||
| 005 | 20220329135937.0 | ||
| 008 | 971013s1975 r 00010 d | ||
| 010 | _a44461 | ||
| 011 | _a45433 | ||
| 035 | _a49572 | ||
| 040 | _cCHAP | ||
| 082 |
_a630.72 _bI56n 1974-75 |
||
| 110 |
_aINIA. México. Centro de Investigaciones Agrícolas de Tamaulipas _958547 |
||
| 245 | 0 |
_aResultados, 74-75 _b: Nuevo León |
|
| 260 |
_a(Río Bravo, Tamps.) : _bINIA. Centro de Investigaciones Agrícolas de Tamaulipas, _c(1975) |
||
| 300 | _apág. varía | ||
| 590 |
_aBATCH-UPD _b10 _c20130110 _lUCH01 _h0146 |
||
| 590 |
_aBATCH-UPD _b10 _c20130409 _lUCH01 _h2145 |
||
| 590 |
_aBATCH-UPD _b10 _c20130913 _lUCH01 _h2102 |
||
| 590 |
_aCONVERSION _b10 _c20130109 _lUCH01 _h1324 |
||
| 650 | 1 | 4 |
_aAgricultura _xInvestigación _xNuevo León. _91652 |
| 650 | 1 | 4 |
_aAgricultura _xNuevo León. _91755 |
| 901 | _aBK | ||
| 942 | _cLIBRO | ||
| 949 |
_a630.72 I56n 1974-75 _bBC _cC _d-111791 _eC _h38095 _i49572 _mD _si |
||
| 949 |
_a630.72 I56n 1974-75 _bBC _cC _d33724000041810 _eC _fc.2 _h38153 _i49572 _mD _si |
||
| 999 |
_c44461 _d44461 |
||